| 000 | 00436nam a2200181Ia 4500 | ||
|---|---|---|---|
| 020 | _a1405807105 | ||
| 082 | _a346.022 ELL. | ||
| 100 |
_aELLIOT,Catherine _99581 |
||
| 245 | _aContract Law | ||
| 260 |
_aHarlow: _bPerson _c2005 |
||
| 260 | _bPerson | ||
| 260 | _c2005 | ||
| 300 |
_axxv,366p. _bill.25cm. |
||
| 500 | _aIncludes Index | ||
| 650 |
_aContracts --England;Contracts _99577 |
||
| 700 |
_aFrances Quinn _99582 |
||
| 942 | _cBK | ||
| 999 |
_c21339 _d21339 |
||